Регионална библиотека "Любен Каравелов" - Русе

Златокоска и Златокоско (Запис номер 473233)

MARC детайли
000 -Лидер
Контролно поле с фиксирана дължина 01349nam a2200289 a 4500
003 - Код на организацията, давaща контролен номер
Контролно поле BLK
005 - Дата и час на последна редакция
Контролно поле 20250301125849.0
008 - Елементи от данни с фиксирана дължина
fixed length control field 180410b bul|||||r ||||||| ||bul||
020 ## - Международен стандартен номер на книга ISBN
Международен стандартен номер на книга ISBN 9789546256287
040 ## - Източник на каталожния запис
Идентификатор на билиотеката - собственик на записа BLK
041 ## - Код за език
Код за езика на текст/звукозапис или на отделно заглавие Български
Код за езика КДБФ Български
080 ## - УДК
Текстов определител УДК Българска литература
УДК код - определител по УДК 821.163.2
УДК определител -93-91
УДК - код + определител 821.163.2-93-91
139 ## - Редно поле
Редна дума Златокоска и Златокоско
Авторски знак Злато - З 74
245 10 - Сведения за заглавието
Заглавие Златокоска и Златокоско
Подзаглавни данни Бълг. нар. приказки
Редно поле (дума) адапт. Елена Сматракалева ; худож. Ана Симеонова.
257 ## - Страна на издаване
Страна на създаване/издаване България
260 ## - Област на издателските данни
Място на издаване, разпространение и проч. София
Име на издателя, разпространителя и проч. Фют
Година на издаване [2011]
300 ## - Физическа характеристика
Страници 24 с.
Илюстрации и др. с цв. ил.
Размери/Мащаб 28 см
380 ## - Жанр
Жанр Детска худож. лит.
490 ## - СЕРИИ (Колекции)
Име на серия Поредица Златна броеница
9 (RLIN) 201483
500 ## - Общи забележки
Забележка Кор. загл. - Съдържа и Змейова сватба ; Двамата братя и късметът. - Името на ил. Анна Симеонова погрешно отпеч. Ана Симеонова.
700 1# - Други автори (авторска отговорност)
Лично име Сматракалева, Елена Михайлова
Автороска отговорност (Описва отношението между автора и произведението) адапт.
9 (RLIN) 364333
700 1# - Други автори (авторска отговорност)
Лично име Симеонова, Анна
Автороска отговорност (Описва отношението между автора и произведението) худож.
9 (RLIN) 120392
852 ## - Местоположение
Форматна сигнатура Цб ІІ 20179
Фондова буква Хранилище
852 ## - Местоположение
Фондова буква Детски отдел
Систематично-азбучна сигнатура 821.163.2-93/З-74
999 ## - СИСТЕМНИ КОНТРОЛНИ НОМЕРА
Koha biblionumber 473233
Koha biblioitemnumber 473233
942 ## - АРТИКУЛИ
Вид на библиотечния материал Книги
Скрит в OPAC Не
Периодичен библиозапис Да
Koha issues (borrowed), all copies 7
944 ## - СЪЗДАВАНЕ И РЕДАКЦИЯ на ЗАПИСА
Създаване/Редакция Създаване
Дата на регистрацията/редакция 2022-09-14
Служител, извършил регистрацията/редакцията 30542
Статус, дата на статуса Русанова Ирена
Наличности
Код за отписване Код за изгубен артикул Източник на класификационната схема Код за повреда Коз за рестрикции Код за отдаване Артикулен № Име на библиотеката - собственик Име на библиотеката, в която се намира в момента Статус (Текущо местоположение) Дата на вписване в системата Местоположение - отдел Цена в лева Систематично азбучна сигнатура Баркод Цена в евро Служебен тип на артикула
  Не е изгубен Universal Decimal Classification Не е повреден без рестрикции заемане за дома 906686 Регионална библиотека "Любен Каравелов" Русе Регионална библиотека "Любен Каравелов" Русе Детски отдел 2022-10-06 Детски отдел 2.50 821.163.2-9/З-74 120000878001 1.28 Книги
Vip Innovations Ltd, Rousse, Bulgaria 2025